Central Library OPAC University of Rajshahi
Normal view MARC view

Entry Topical Term

Number of records used in: 2

001 - CONTROL NUMBER

  • control field: 12739

003 - CONTROL NUMBER IDENTIFIER

  • control field: BD-RjUL

005 - DATE AND TIME OF LATEST TRANSACTION

  • control field: 20240428102415.0

008 - FIXED-LENGTH DATA ELEMENTS

  • fixed length control field: 240428|| aca||aabn | a|a d

040 ## - CATALOGING SOURCE

  • Original cataloging agency: BD-RjUL
  • Transcribing agency: BD-RjUL

150 ## - HEADING--TOPICAL TERM

  • Topical term or geographic name entry element: Ecology
  • Form subdivision: Aquatic

670 ## - SOURCE DATA FOUND

  • Source citation: Work cat.: (BD-RjUL)83596: Homyra, Nur-Es-SABA 12738, Impact of Industrial Effluent on the Aquatic Biota in Rajshahi, Bangladesh /, 2010